| 000 | 00768cam a2200253 a 4500 | ||
|---|---|---|---|
| 999 |
_c1526 _d1526 |
||
| 001 | 8302 | ||
| 003 | BD-DhUAP | ||
| 005 | 20210121164158.0 | ||
| 008 | 200209s2002 ii 001 0 eng | ||
| 040 |
_aBD-DhUAP _cBD-DhUAP _bEng |
||
| 082 |
_223 _a345.54 MIT |
||
| 100 | 1 | _aMitra, B. B. | |
| 245 | 1 | 0 |
_aB.B. Mitra on Code of Criminal Procedure, 1973 : _b(Act 2 of 1974) / _cB. B. Mitra and S. R. Roy. |
| 250 | _a19th ed. | ||
| 260 |
_aKolkata : _bKamal Law House, _cc1998 [Reprinted 2002]. |
||
| 300 |
_avolumes ; _c24 cm. |
||
| 500 | _aIncludes index. | ||
| 505 | 0 | _aV. 2-- | |
| 650 | 0 |
_aCriminal procedure _zIndia. |
|
| 700 | 1 | _aRoy, S. R. | |
| 906 |
_a7 _bcbc _corigode _d2 _encip _f20 _gy-gencatlg |
||
| 942 |
_2ddc _cBK |
||